| 000 | 01101nam0a22002771 4500 | ||
|---|---|---|---|
| 001 | v19\rc\1775260 | ||
| 005 | 20250619072032.0 | ||
| 035 | _a(NLR Aleph) 004871305 | ||
| 090 |
_a5098211 _c5098211 |
||
| 100 | _a20061204d1917 |||y0rusy50 ca | ||
| 101 | 0 |
_arus _ager |
|
| 102 | _aRU | ||
| 105 | _ay j ||||| | ||
| 200 | 1 |
_aНовая практическая немецкая грамматика с грамматическими упражнениями на немецком языке _eДля сред. кл. муж. и жен. сред.-учеб. заведений _eВ 2 ч. _fVon Alfons Schultz _gА. Шульц |
|
| 205 | _a11-е изд., испр. Ч. 1 | ||
| 210 |
_aПетроград _cМ.М. Гутзац _d1917 |
||
| 215 |
_a55 с. _d25 |
||
| 327 | 1 | _aСодерж.: Ч. 1. Этимология | |
| 464 | 0 |
_12001#$aЭтимология _tЭтимология |
|
| 700 | 1 |
_aШульц _bА.А. _gАльфонс Августович |
|
| 801 | 0 |
_aRU _bNLR _gpsbo |
|
| 801 | 0 |
_aRU _bRuMoRGB _2psbo |
|
| 801 | 1 |
_aRU _bProSoft-M _2rusmarc |
|
| 852 |
_aNLR _j122/158(1) |
||
| 942 | _cBOOK | ||
| 980 | _aNB | ||